|
|
|
|
| LEADER |
01286nam a2200277 a 4500 |
| 001 |
13000928 |
| 008 |
100602r20092003inua b 001 0 eng d |
| 010 |
|
|
|a \\2002115932
|
| 020 |
|
|
|a 0672324903
|
| 020 |
|
|
|a 9788131701010
|
| 040 |
|
|
|a DLC
|c DLC
|d DLC
|d BD-DhAAL
|
| 082 |
0 |
0 |
|a 005.4/3
|2 22
|
| 100 |
1 |
|
|a Kochan, Stephen G.
|
| 245 |
1 |
0 |
|a UNIX Shell programming /
|c Stephen G. Kochan, Patrick Wood.
|
| 250 |
|
|
|a 3rd ed.
|
| 260 |
|
|
|a Indianapolis, Ind. :
|b Sams ;
|a New Delhi :
|b Pearson Education,
|c c2003 [reprinted 2009].
|
| 300 |
|
|
|a xiii, 437 p. :
|b ill. ;
|c 24 cm.
|
| 504 |
|
|
|a Includes bibliographical references and index.
|
| 541 |
1 |
|
|e 00018667
|
| 650 |
|
0 |
|a UNIX (Computer file)
|
| 700 |
1 |
|
|a Wood, Patrick H.
|
| 852 |
4 |
|
|a Ayesha Abed Library
|j General Shelf
|
| 999 |
|
|
|c 8780
|d 8780
|
| 952 |
|
|
|0 0
|1 0
|2 ddc
|4 0
|6 005_430000000000000_KOC_2009
|7 0
|9 10642
|a BRACUL
|b BRACUL
|c GEN
|d 2010-06-03
|l 3
|m 3
|o 005.43 KOC
|p 3010018667
|r 2025-08-31
|s 2025-08-24
|t 1
|w 2010-06-03
|y BK
|
| 952 |
|
|
|0 0
|1 0
|2 ddc
|4 0
|6 005_430000000000000_KOC_2009
|7 0
|9 10931
|a BRACUL
|b BRACUL
|c GEN
|d 2010-06-14
|l 4
|m 18
|o 005.43 KOC
|p 3010018668
|r 2019-03-10
|s 2019-02-18
|t 2
|w 2010-06-14
|y BK
|
| 952 |
|
|
|0 0
|1 4
|2 ddc
|4 0
|6 005_430000000000000
|7 0
|9 19390
|a BRACUL
|b BRACUL
|d 2012-02-08
|l 0
|o 005.43
|p 4060024430
|r 2012-02-08
|w 2012-02-08
|y RSV
|x Koha Inventory 2020
|